00676nam a2200241 a 4500001001300000003000900013005001700022008004100039020001000080082001400090100001800104245002600122260003200148300000900180500003500189505001700224650002600241700001800267902000800285942000700293952011700300999001700417nice12345678IN_TiNIC20260116015141.0050524s1953 lona grp 000 0 eng  ac29400a231bPHI2 aPhillips, J B aYour God Is Too Small aLondonbEpworth Pressc1953 a118p aincludes index and biblioraphy2 aBibliography aGod-Biblical Teaching1 aPhillips, J B bSRS cBK 001040708StackRoom-aHMIbHMId2007-06-14g294.00l0o231 PHI2p11000570r2007-06-14v294.00w2005-05-24yBK c18509d18509